00528nam a2200181Ia 4500003000900000008004100009020002200050040001600072080001900088100002000107245005600127260003900183300001400222650003000236650002600266650002400292650003000316IN-BaIIA211028s9999 xx 000 0 eng d a978-0-230-34060-2 cIIA Library a[8]:01:00bFER aFerguson, Kitty 0aStephen Hawkingban unfettered mindcKitty Ferguson aNew YorkbPalgrave Macmillanc2012 aix, 310p. aBiogrpahy-Stephen Hawking aCosmologist-Biography aPhysicist-Biography aStephen Hawking-Biography